名古屋駅を出る列車の行先 - Statistics

General Stats
  • This quiz has been taken 340 times
  • The average score is 68 of 93
Answer Stats
路線 % Correct
東京
100%
新大阪
99%
博多
98%
岡山
97%
広島
97%
浜松
97%
豊橋
97%
豊橋
97%
静岡
96%
岐阜
96%
三島
94%
姫路
94%
大垣
93%
米原
93%
長野
92%
89%
高山
88%
岡崎
88%
富山
87%
中津川
87%
近鉄四日市
87%
四日市
86%
金山
86%
金沢
85%
関ケ原
85%
多治見
84%
名鉄岐阜
84%
亀山
83%
中部国際空港
83%
桑名
82%
東岡崎
82%
桑名
82%
大府
81%
高蔵寺
81%
鳥羽
81%
犬山
81%
鳥羽
81%
伊勢市
78%
刈谷
77%
金城ふ頭
77%
新宮
76%
神宮前
76%
名鉄一宮
76%
新鵜沼
75%
賢島
75%
大阪難波
75%
常滑
74%
伊奈
73%
国府
73%
新安城
73%
弥富
72%
瑞浪
71%
河和
70%
伊勢中川
70%
藤が丘
70%
神領
69%
太閤通
69%
紀伊勝浦
68%
吉良吉田
67%
太田川
67%
飛騨古川
66%
豊明
66%
豊川稲荷
66%
須ケ口
66%
松阪
65%
高畑
65%
土岐市
64%
内海
64%
大阪上本町
64%
鳴海
63%
津島
63%
岩倉
63%
徳重
63%
笠寺
62%
武豊
62%
津新町
62%
宇治山田
62%
知多半田
60%
五十鈴川
59%
新可児
58%
佐屋
57%
本宿
56%
西尾
55%
富吉
54%
星ヶ丘
50%
今池
49%
野並
44%
稲永
38%
岩塚
36%
塩浜
35%
桜山
35%
瀬戸口
33%
白塚
32%
No matching quizzes found
Score Distribution
Percent of People with Each Score
Percentile by Number Answered
Your Score History
You have not taken this quiz